000 00798cam a22002417a 4500
008
020 _a9781849940238 (hbk.)
049 _aMAIN
090 _aNA970
_bDIP
100 1 _aDipper, Hannah.
245 1 0 _aLondon buildings :
_ban architectural tour /
_cHannah Dipper and Robin Farquhar ; text by Elain Harwood.
260 _aLondon :
_bBatsford,
_c2011.
300 _a95 p. :
_bill. chiefly col. ;
_c21 cm.
650 0 _aArchitecture
_zEngland
_zLondon
_vPictorial works.
651 0 _aLondon (England)
_xBuildings, structures, etc.
_vPictorial works.
700 1 _aFarquhar, Robin.
700 1 _aHarwood, Elain.
907 _a.b10389374
_b20-02-18
_c20-02-18
003
005 20230123141105.0
040 _cNUST
942 _cBOOKS
_kNA970
_mDIP
999 _c167484
_d167484